000 04514nam a2200313 a 4500
001 in00024301238
005 20251230055718.0
008 250813s2025 mau 000 0 eng
010 _a 2025945298
020 _a9781035306404
_q(hardback)
040 _aDLC
_beng
_erda
_cDLC
042 _apcc
082 _a342.02
_bJAC
245 0 0 _aComparative constitutional theory /
_cGary Jacobsohn, Miguel Schor.
250 _aSecond edition.
263 _a2511
264 1 _aNorthampton :
_bEdward Elgar Publishing,
_c2025.
300 _aviii, 492 pages.
_c24 cm.
336 _atext
_btxt
_2rdacontent
365 _bRs. 28255.50
490 0 _aResearch handbooks in comparative constitutional law series
505 _a1 Introduction: the comparative turn in constitutional theory and the crisis of democratic erosion - Gary Jacobsohn and Miguel Schor - PART I CONSTITUTIONALISM AND DEMOCRATIC EROSION: 2 Illiberal constitutionalism: viable alternative or nemesis of the modern constitutional ideal? - Michel Rosenfeld - 3 Transitional justice, transitional constitutionalism and constitutional culture - Gábor Halmai - 4 Militant democracy and constitutional identity - Jan -Werner Müller - 5 Race and American constitutional exceptionalism - Mark A. Graber - PART II CONSTITUTIONAL STRUCTURE AND RIGHTS: 6 American constitutional exceptionalism and democratic erosion - Miguel Schor - 7 What is judicial supremacy? - Stephen Gardbaum - 8 Federalism and constitutional theory - Stephen Tierney - 9 The constitutional significance of human dignity: what exactly? - Jacob Weinrib 10 Social rights in comparative constitutional theory - Jeff King 11 Text and democracy: theoretical approaches to religious liberty cases in the United States Supreme Court and the European Court of Human Rights - Howard Schweber - 12 Consensus, conflict, and complementarity: a global perspective on the freedom of expression - Ronald J. Krotoszynski Jr. PART III CONSTITUTIONAL INTERPRETATION: 13 Legal pragmatism and comparative constitutional law- David Landau - 14 Beyond the principle of proportionality - Victor Ferreres Comella - 15 The unwritten constitution - Janet McLean - PART IV CONSTITUTIONAL CHANGE: 16 Constitutional theory in a comparative context - Adrienne Stone and Lael K. Weis - 17 ‘We the people’, ‘oui, the people’ and the collective body: perceptions of constituent power - Yaniv Roznai - 18 Amendment theory and constituent power - Mark Tushnet - 19 Theorising about formal constitutional change: the case of Latin America -Joel I. Colón-Ríos - 20 Anchoring and sailing: contrasting imperatives of constitutional revolution - Gary Jeffrey Jacobsohn - 21 Reception, context, and identity: a theory of cross-national jurisprudence - Heinz Klug – Index.
520 _a"This thoroughly revised Second Edition provides a refreshed overview of comparative constitutional law and theory. Expert authors investigate the recent proliferation of instances in which the practice of constitutionalism has been compromised by various forms of democratic erosion. New and updated chapters complement the first edition's illumination of key concepts in comparative constitutional theory with a specific focus on its connections to a rise in authoritarian rule. In the face of democratic backsliding, global authors underscore the question of design and investigate how constitutional governance can be enhanced to avert further democratic degradation. The Research Handbook is underpinned by an empirically based study of the core principles of constitutional practice within a cross-national context, including informative discussions on constitutionalism, fundamental rights, and constitutional identity. Notably, this book examines the degree to which illiberal constitutionalism has become an increasingly ominous presence in the (mal)functioning of political systems and acknowledges the pervasive condition of constitutional imperfection. Exploring distinctive constitutional realities, this accessible Research Handbook is a crucial resource for scholars and students of constitutional theory, comparative law, and constitutional and administrative law. It is also a vital read for those interested in constitutional design and interpretation"--
_cProvided by publisher.
700 1 _aJacobsohn, Gary,
_eeditor.
700 1 _aSchor, Miguel,
_eeditor.
906 _a0
_bibc
_corignew
_d2
_eepcn
_f20
_gy-gencatlg
942 _2ddc
_cBK
999 _c214184
_d214184